Európska menová únia a jej rozširovanie o krajiny strednej a východnej Európy dizertačná práca

Salvato in:
Dettagli Bibliografici
Autore principale: Táncošová, Silvia
Ente Autore: Národohospodárska fakulta EU. Katedra bankovníctva a medzinárodných financií
Altri autori: Jankovská, Anežka
Natura: Libro
Lingua:slovacco
Pubblicazione: Bratislava 2002
Soggetti:
Tags: Aggiungi Tag
Nessun Tag, puoi essere il primo ad aggiungerne!!

MARC

LEADER 00000nam$a2200000$$$4500
001 0024609
005 20240104092529.3
041 0 |a slo 
044 |a SK 
245 1 0 |a Európska menová únia a jej rozširovanie o krajiny strednej a východnej Európy  |b dizertačná práca  |c Silvia Táncošová ; školiteľ: Anežka Jankovská 
264 1 |a Bratislava  |c 2002 
300 |a 117 s. 
610 2 0 |a únie menové 
610 2 0 |a vzťahy peňažné medzinárodné 
610 2 0 |a integrácia menová 
610 2 0 |a banky centrálne 
610 2 0 |a politika menová 
610 2 0 |a integrácia ekonomická 
610 2 0 |a SVE 
610 2 0 |a konvergencia 
610 2 0 |a peniaze 
610 2 0 |a mena 
610 2 0 |a politika menová 
610 2 0 |a štruktúra organizačná 
610 2 0 |a Európska únia 
610 2 0 |a Európska menová únia 
610 2 0 |a Európa 
100 1 |a Táncošová, Silvia 
700 1 |a Jankovská, Anežka 
710 2 |a Národohospodárska fakulta EU. Katedra bankovníctva a medzinárodných financií